Activated carbon adsorption
Uloženo v:
| Hlavní autor: | |
|---|---|
| Médium: | Kniha |
| Jazyk: | Undetermined |
| Vydáno: |
Boca Raton, FL.
CRC Press
2005
|
| Témata: | |
| Tagy: |
Přidat tag
Žádné tagy, Buďte první, kdo otaguje tento záznam!
|
| Thư viện lưu trữ: | Trung tâm Học liệu Trường Đại học Cần Thơ |
|---|
| LEADER | 00568nam a2200205Ia 4500 | ||
|---|---|---|---|
| 001 | CTU_117554 | ||
| 008 | 210402s9999 xx 000 0 und d | ||
| 020 | |c 211.19 | ||
| 082 | |a 662.93 | ||
| 082 | |b B219 | ||
| 100 | |a Bansal, Roop Chand | ||
| 245 | 0 | |a Activated carbon adsorption | |
| 245 | 0 | |c Roop Chand Bansal and Meenakshi Goyal | |
| 260 | |a Boca Raton, FL. | ||
| 260 | |b CRC Press | ||
| 260 | |c 2005 | ||
| 650 | |a Carbon, activated,Carbon | ||
| 650 | |x Adsorption and adsorption | ||
| 904 | |i Minh | ||
| 980 | |a Trung tâm Học liệu Trường Đại học Cần Thơ | ||